| 000 | 00643nam a2200205 4500 | ||
|---|---|---|---|
| 003 | LK-CoMWRAF | ||
| 005 | 20231231114307.0 | ||
| 008 | 230901b2001 |||||||| |||| 00| 0 eng d | ||
| 020 | _a9558464074 | ||
| 040 |
_aLK-CoMWRAF _dLK-CoMWRAF _eLK-CoMWRAF |
||
| 041 | _asin | ||
| 082 |
_a294.3 _bKUM |
||
| 100 | _aකුමාරසිංහ, ගාමිණී | ||
| 245 | _aසාමයට බුදු මග | ||
| 246 | _aSaamayata Budhu maga | ||
| 260 |
_aආණමඩුව: _bතෝතැන්න ප්රකාශන, _c2001 |
||
| 300 |
_avii.,95 p. _bBibliography included |
||
| 650 | _aPEACE-Buddhist perspectives | ||
| 942 | _cBK | ||
| 999 |
_c3360 _d3360 |
||